000 00586cam a2200205 04500
001 44701
090 _a44701
100 _a19950301d1977 km y0pory50030103ba
101 1 _apor
102 _aPT
200 1 _aHistória de uma definição
_fKellie Gardner
_gtrad. Ana Clara Soares
_gil. Carlo e Mireille Wieland
210 9 _aPaço de Arcos
_cEixo,
_d1977
215 _a32 p.
_cil.
_d24 cm
225 2 _aJá percebi
_v3
317 _aBiblioteca Matilde Rosa Araújo
675 _a087.5
_vmed
_zpor
700 1 _aGardner,
_bKellie
702 1 _aSoares,
_bAna Clara
_4730
801 0 _aPT
_bBN
_gRPC
990 _cLIVROS